La AECO y la alianza ecologista: Un capítulo aparte/
Enregistré dans:
| Auteur principal: | |
|---|---|
| Format: | Texte |
| Langue: | Spanish |
| Publié: |
San José, Costa Rica:
Departamento Eucuménico de Investigaciones. DEI
1999
|
| Sujets: | |
| Tags: |
Ajouter un tag
Pas de tags, Soyez le premier à ajouter un tag!
|
MARC
| LEADER | 00000 a a2200000 04500 | ||
|---|---|---|---|
| 001 | 31741 | ||
| 003 | cru CIDCACS/IIS | ||
| 005 | 20210408144152.0 | ||
| 008 | 210408b1999 ||||| |||| 00| 0 spa d | ||
| 020 | |a 9977-83-117-3 | ||
| 040 | |c cru CIDCACS/IIS | ||
| 090 | |a 16.02.04 H764g | ||
| 100 | |a Hombergh, Helena Van den | ||
| 245 | 1 | 3 | |a La AECO y la alianza ecologista: |b Un capítulo aparte/ |c Helena Van den Hombergh |
| 260 | |a San José, Costa Rica: |b Departamento Eucuménico de Investigaciones. DEI |c 1999 | ||
| 300 | |a 179-202 páginas | ||
| 650 | |a EMPRESAS TRANSNACIONALES | ||
| 650 | |a DETERIORO AMBIENTAL | ||
| 650 | |a PROTECCION AMBIENTAL | ||
| 650 | |a CONSERVACION DE LA NATURALEZA | ||
| 650 | |a MOVILIZACION SOCIAL | ||
| 650 | |a ESTUDIOS DE CASOS | ||
| 650 | |a RECESION ECONOMICA | ||
| 650 | |a POLITICA GUBERNAMENTAL | ||
| 650 | |a DIVERSIFICACION DE LA PRODUCCION | ||
| 650 | |a SECTOR AGROPECUARIO | ||
| 650 | 0 | |a CONSECUENCIAS ECONOMICAS |9 7542 | |
| 942 | |2 ddc |c LI | ||
| 999 | |c 9584 |d 9584 | ||
| 773 | 0 | |0 15302 |9 5375 |a Hombergh, Helena Van den |d San José, Costa Rica: Departamento Eucuménico de Investigaciones. DEI 1999 |o 21190 |t Guerreros del Golfo dulce: |w (cru CIDCACS/IIS)31739 |z 9977-83-117-3 | |



